000 00874nam a2200253Ia 4500
003 OSt
005 20220918112037.0
006 a|||||r|||| 00| 0
007 ta
008 220915b |||||||| |||| 00| 0 hin d
024 _a194162
037 _cTextbook
040 _bhin
_aARTS
_cARTS
041 _ahin
082 _aO152,1(Q223):g, M0
100 _aभारद्वाज, जगदीश
_91695
245 0 _aकृष्ण काव्य मे लीला वर्णन
246 _aKṛuṣhṇa kāvya me līlā varṇana
260 _aनई
_bदिल्ली निर्मल प्रकाशन भारत
_c1980
300 _a416 पृ0
_ccm.
650 _aहिन्दी साहित्य
942 _hO152,1(Q223):g, M0
_cTB
_2CC
999 _c118058
_d118058